000 00303 a2200109 4500
001 ART_26199
005 20260410161936.0
008 260409a
245 1 0 _aLa administración y la contabilidad
100 1 _aViegas, Juan Carlos
773 0 _tSaberEs
_g- Nº 1 (jun. 2009)
_wREV26089
999 _c29091
_d29091